Video Game Companies by Logo - Statistics

General Stats
  • This quiz has been taken 11 times
  • The average score is 6 of 16
Answer Stats
Picture Answer % Correct
Rockstar Games
100%
Ubisoft
70%
Valve
60%
CD Projekt Red
50%
Konami
50%
Naughty Dog
40%
Running With Scissors
40%
Arkane Studios
30%
Black Isle Studios
30%
Gearbox Software
30%
Kojima Productions
30%
Larian Studios
30%
Bloober Team
20%
Grasshopper Manufacture
20%
Remedy Entertainment
20%
Looking Glass Studios
10%
No matching quizzes found
Score Distribution
Percent of People with Each Score
Percentile by Number Answered
Your Score History
You have not taken this quiz